Statystyki dla Państwa Europy - Quiz na mapie

Kliknij tutaj aby rozwiązać quiz!

Ogólne statystyki

  • Ten quiz został rozwiązany 8 004 razy
  • Średni wynik to 36 z 45

Odpowiedzi na mapie

Odpowiedzi skodowane kolorowo w zielono-czerwonej skali na mapie do tego quizu, zgodnie z poniższymi procentami.
Ładowanie ...
 

Statystyki odpowiedzi

Odpowiedź% Poprawnych
Hiszpania
94%
Portugalia
94%
Francja
93%
Wielka Brytania
93%
Włochy
93%
Niemcy
92%
Irlandia
91%
Islandia
91%
Polska
91%
Rosja
90%
Grecja
90%
Norwegia
89%
Dania
89%
Ukraina
88%
Finlandia
88%
Czechy
87%
Belgia
86%
Estonia
86%
Białoruś
85%
Łotwa
85%
Szwecja
85%
Słowacja
85%
Litwa
84%
Austria
82%
Holandia
81%
Szwajcaria
78%
Luksemburg
77%
Rumunia
77%
Chorwacja
76%
Watykan
76%
Malta
74%
Liechtenstein
72%
Bułgaria
71%
Węgry
70%
Monako
70%
Mołdawia
69%
Andora
68%
San Marino
68%
Kosowo
66%
Bośnia i
Hercegowina
65%
Słowenia
65%
Albania
64%
Serbia
64%
Macedonia
Północna
59%
Czarnogóra
59%

Rozkład punktacji

Percentyl według liczby udzielonych odpowiedzi

Procent ludzi z każdym wynikiem

Twoja historia wyników

Nie rozwiązałeś tego quizu